Αδαμάντιου Κοραή, προλεγόμενα στους αρχαίους Έλληνες συγγραφείς και η αυτοβιογραφία του
Αποθηκεύτηκε σε:
| Κύριος συγγραφέας: | |
|---|---|
| Μορφή: | Βιβλίο |
| Γλώσσα: | Greek |
| Δημοσίευση: |
Αθήνα :
Μορφωτικό Ιδρυμα Εθνικής Τραπέζης,
1986-1988.
|
| Θέματα: | |
| Ετικέτες: |
Προσθήκη ετικέτας
Δεν υπάρχουν, Καταχωρήστε ετικέτα πρώτοι!
|
MARC
| LEADER | 00000cam a2200000 i 4500 | ||
|---|---|---|---|
| 001 | 1/104875 | ||
| 008 | 950607m19861988gr | ||| |||| ||gre|| | ||
| 035 | |l 10013441 | ||
| 040 | |a GR-MY-UA |b gre |e aacr | ||
| 041 | 0 | |a gre | |
| 082 | 7 | |a 880.9 |2 (22) | |
| 100 | 1 | |a Κοραής, Αδαμάντιος, |d 1748-1833. | |
| 245 | 1 | 0 | |a Αδαμάντιου Κοραή, προλεγόμενα στους αρχαίους Έλληνες συγγραφείς και η αυτοβιογραφία του / |c Αδαμάντιος Κοραής ; πρόλογος: Κ. Θ. Δημαρά. |
| 260 | |a Αθήνα : |b Μορφωτικό Ιδρυμα Εθνικής Τραπέζης, |c 1986-1988. | ||
| 300 | |a 4 τ. ; |c 21 εκ. | ||
| 600 | 1 | 0 | |a Κοραής, Αδαμάντιος, |d 1748-1833. |
| 650 | 0 | 0 | |a Greek literature. |
| 650 | 0 | 0 | |a Classical literature. |
| 852 | |a INST |b LESVOS |e 19950607 |h 880.9 ΚΟΡ |p 005100005096 |q 005100005096 |t BK |y 0 |z v.2 | ||
| 852 | |a INST |b LESVOS |e 19950607 |h 880.9 ΚΟΡ |p 005100005097 |q 005100005097 |t BK |y 0 |z v.1 | ||
| 852 | |a INST |b LESVOS |e 19950607 |h 880.9 ΚΟΡ |p 005100005096 |q 005100005096 |t BK |v v.2: |y 0 |z v.2 | ||
| 852 | |a INST |b LESVOS |e 19950607 |h 880.9 ΚΟΡ |p 005100005097 |q 005100005097 |t BK |v v.1: |y 0 |z v.1 | ||
| 853 | |a INST |b LESVOS |h 880.9 ΚΟΡ | ||
| 909 | |a Λ |b 016670 | ||
| 909 | |a Λ |b 016671 | ||
| 970 | |z 1995/06 | ||